Top 10 Cricket Bowlers - Test, ODI, T20I - Statistics

General Stats
  • This quiz has been taken 92 times
    13 since last reset
  • The average score is 14 of 30
Answer Stats
Wickets Nation Answer % Correct
193* Afghanistan Rashid Khan
78%
502 Pakistan Wasim Akram
78%
163* England Adil Rashid
67%
567* Australia Nathan Lyon
67%
708 Australia Shane Warne
67%
439 South Africa Dale Steyn
56%
563 Australia Glenn McGrath
56%
381 Australia Glenn McGrath
56%
704 England James Anderson
56%
604 England Stuart Broad
56%
164 New Zealand Tim Southee
56%
416 Pakistan Waqar Younis
56%
619 India Anil Kumble
44%
337 India Anil Kumble
44%
380 Australia Brett Lee
44%
519 West Indies Courtney Walsh
44%
338 Sri Lanka Lasith Malinga
44%
800 Sri Lanka Muthiah Muralidaran
44%
534 Sri Lanka Muthiah Muralidaran
44%
537 India Ravinchandran Ashwin
44%
149* Bangladesh Shakib Al Hasan
44%
393 South Africa Shaun Pollock
44%
147* Australia Adam Zampa
33%
400 Sri Lanka Chaminda Vaas
33%
162* New Zealand Ish Sodhi
33%
142* Ireland Mark Adair
33%
395 Pakistan Shahid Afridi
33%
158* Bangladesh Mustafizur Rahman
22%
154* Sri Lanka Wanindu Hasaranga
11%
137* Bahrain Rizwan Butt
0%
No matching quizzes found
Score Distribution
Percent of People with Each Score
Percentile by Number Answered
Your Score History
You have not taken this quiz since the last reset